Slovensko vstúpilo do 14. roku svojho členstva v EÚ

Slovensko je od mája 2004 rovnoprávnym členom európskych krajín. Výhody členstva v Európskej únii a finančná pozícia SR ako príjemcu prostriedkov z EÚ. Programové obdobia, čerpanie z eurofondov a plány Slovenska do budúcna.

Salvato in:
Dettagli Bibliografici
Autore principale: Chrenek, Dušan
Natura: Capitolo di libro
Lingua:slovacco
Soggetti:
Tags: Aggiungi Tag
Nessun Tag, puoi essere il primo ad aggiungerne!!

MARC

LEADER 00000naa a2200000 4500
001 0230280
005 20220725111619.7
041 0 |a slo 
044 |a SK 
245 1 0 |a Slovensko vstúpilo do 14. roku svojho členstva v EÚ  |c Dušan Chrenek 
520 |a Slovensko je od mája 2004 rovnoprávnym členom európskych krajín. Výhody členstva v Európskej únii a finančná pozícia SR ako príjemcu prostriedkov z EÚ. Programové obdobia, čerpanie z eurofondov a plány Slovenska do budúcna. 
610 2 0 |a Európska únia 
610 2 0 |a Slovensko 
610 2 0 |a politika kohézna 
610 2 0 |a bezpečnosť ekonomická 
610 2 0 |a integrácia ekonomická 
610 2 0 |a spolupráca medzinárodná 
100 1 |a Chrenek, Dušan